European Countries that Recognize the State of Palestine - Statistics

General Stats
  • This quiz has been taken 3,710 times
    504 since last reset
  • The average score is 23 of 26
Answer Stats
Answer % Correct
United Kingdom
99%
Spain
96%
Ireland
95%
Sweden
95%
France
94%
Norway
94%
Portugal
94%
Albania
92%
Russia
92%
Ukraine
88%
Andorra
87%
Bosnia and Herzegovina
87%
Iceland
87%
Serbia
87%
Slovenia
87%
Vatican City
87%
Bulgaria
86%
Poland
86%
Romania
86%
Slovakia
86%
San Marino
85%
Malta
84%
Belarus
83%
Monaco
82%
Luxembourg
81%
Montenegro
81%
No matching quizzes found
Score Distribution
Percent of People with Each Score
Percentile by Number Answered
Your Score History
You have not taken this quiz since the last reset